Complex heterogeneous systems : thermodynamics, information theory, composites, networks, and electrochemistry / Dr. Markus Schmuck, Academic Visitor, Faculty of Engineering, Imperial College London, South Kensington Campus. (Record no. 22426)
| 000 -LEADER | |
|---|---|
| fixed length control field | 00705nam a22001577a 4500 |
| 020 ## - INTERNATIONAL STANDARD BOOK NUMBER | |
| ISBN | 9783110579536 |
| 082 ## - DEWEY DECIMAL CLASSIFICATION NUMBER | |
| Classification number | 620.11 |
| Item number | Sch356 2024 |
| 100 ## - MAIN ENTRY--AUTHOR NAME | |
| Personal name | Schmuck, Markus, author. |
| 245 ## - TITLE STATEMENT | |
| Title | Complex heterogeneous systems : thermodynamics, information theory, composites, networks, and electrochemistry / Dr. Markus Schmuck, Academic Visitor, Faculty of Engineering, Imperial College London, South Kensington Campus. |
| 260 ## - PUBLICATION, DISTRIBUTION, ETC. (IMPRINT) | |
| Place of publication | Berlin ; Boston : |
| Name of publisher | Walter de Gruyter GmbH, |
| Year of publication | 2024. |
| 300 ## - PHYSICAL DESCRIPTION | |
| Number of Pages | 1 online resource, xiii, 284 pages : |
| Other physical details | illustrations (chiefly color). |
| 500 ## - GENERAL NOTE | |
| General note | Includes bibliographical references and index. |
| 650 ## - SUBJECT ADDED ENTRY--TOPICAL TERM | |
| Topical Term | Thermodynamics |
| 650 ## - SUBJECT ADDED ENTRY--TOPICAL TERM | |
| Topical Term | Electrochemistry |
| 942 ## - ADDED ENTRY ELEMENTS (KOHA) | |
| Koha item type | Electronic Books |
| Source of acquisition | Permanent Location | Date acquired | Collection code | Koha item type | Lost status | Shelving location | Withdrawn status | Current Location | Full call number |
|---|---|---|---|---|---|---|---|---|---|
| Donation | Cagayan State University - Carig Library | 2026-04-15 | E-Books | Electronic Books | E-Resource Section | Cagayan State University - Carig Library | 620.11 Sch356 2024 |